<?xml version="1.0" encoding="UTF-8"?>
<record
    xmlns:xsi="http://www.w3.org/2001/XMLSchema-instance"
    xsi:schemaLocation="http://www.loc.gov/MARC21/slim http://www.loc.gov/standards/marcxml/schema/MARC21slim.xsd"
    xmlns="http://www.loc.gov/MARC21/slim">

  <leader>010540am a2200265 a04500</leader>
  <controlfield tag="003">EG-GiCUC</controlfield>
  <controlfield tag="008">070317s1994    ua     g     f000 0 ara d</controlfield>
  <datafield tag="040" ind1=" " ind2=" ">
    <subfield code="a">EG-GiCUC</subfield>
    <subfield code="b">ara</subfield>
    <subfield code="c">EG-GiCUC</subfield>
  </datafield>
  <datafield tag="043" ind1=" " ind2=" ">
    <subfield code="a">f-ua---</subfield>
  </datafield>
  <datafield tag="050" ind1=" " ind2="4">
    <subfield code="a">HD9867.E32.</subfield>
    <subfield code="b">A5 1994</subfield>
  </datafield>
  <datafield tag="092" ind1="0" ind2="4">
    <subfield code="a">338.476770962</subfield>
    <subfield code="b">A3135</subfield>
    <subfield code="2">21</subfield>
  </datafield>
  <datafield tag="099" ind1=" " ind2=" ">
    <subfield code="a">04</subfield>
    <subfield code="a">338.476770962 A3135</subfield>
  </datafield>
  <datafield tag="110" ind1="2" ind2=" ">
    <subfield code="a">&#x627;&#x643;&#x627;&#x62F;&#x64A;&#x645;&#x64A;&#x629; &#x627;&#x644;&#x628;&#x62D;&#x62B; &#x627;&#x644;&#x639;&#x644;&#x645;&#x649; &#x648; &#x627;&#x644;&#x62A;&#x643;&#x646;&#x648;&#x644;&#x648;&#x62C;&#x64A;&#x627;</subfield>
  </datafield>
  <datafield tag="245" ind1="1" ind2="2">
    <subfield code="a">&#x627;&#x644;&#x645;&#x648;&#x633;&#x648;&#x639;&#x629; &#x627;&#x644;&#x639;&#x644;&#x645;&#x64A;&#x629; &#x644;&#x644;&#x635;&#x646;&#x627;&#x639;&#x627;&#x62A; &#x627;&#x644;&#x646;&#x633;&#x62C;&#x64A;&#x629; &#x641;&#x649; &#x645;&#x635;&#x631; &#x62E;&#x644;&#x627;&#x644; &#x62E;&#x645;&#x633;&#x64A;&#x646; &#x639;&#x627;&#x645;&#x627; (1944-1994)  / &#x627;&#x643;&#x627;&#x62F;&#x64A;&#x645;&#x64A;&#x629; &#x627;&#x644;&#x628;&#x62D;&#x62B; &#x627;&#x644;&#x639;&#x644;&#x645;&#x649; &#x648; &#x627;&#x644;&#x62A;&#x643;&#x646;&#x648;&#x644;&#x648;&#x62C;&#x64A;&#x627;</subfield>
  </datafield>
  <datafield tag="260" ind1=" " ind2=" ">
    <subfield code="a">&#x627;&#x644;&#x642;&#x627;&#x647;&#x631;&#x629; : </subfield>
    <subfield code="b">&#x627;&#x644;&#x627;&#x643;&#x627;&#x62F;&#x64A;&#x645;&#x64A;&#x629; : </subfield>
    <subfield code="c">1994</subfield>
  </datafield>
  <datafield tag="300" ind1=" " ind2=" ">
    <subfield code="a">3&#x645;&#x62C; &#x61B; </subfield>
    <subfield code="c">28&#x633;&#x645;</subfield>
  </datafield>
  <datafield tag="500" ind1=" " ind2=" ">
    <subfield code="a">&#x64A;&#x634;&#x62A;&#x645;&#x644; &#x639;&#x644;&#x649; &#x643;&#x634;&#x627;&#x641;&#x627;&#x62A;</subfield>
  </datafield>
  <datafield tag="650" ind1=" " ind2="4">
    <subfield code="a">&#x627;&#x644;&#x63A;&#x632;&#x644; &#x648;&#x627;&#x644;&#x646;&#x633;&#x64A;&#x62C;</subfield>
    <subfield code="x">&#x627;&#x628;&#x62D;&#x627;&#x62B;</subfield>
  </datafield>
  <datafield tag="650" ind1=" " ind2="4">
    <subfield code="a">&#x627;&#x644;&#x63A;&#x632;&#x644; &#x648;&#x627;&#x644;&#x646;&#x633;&#x64A;&#x62C;</subfield>
    <subfield code="x">&#x635;&#x646;&#x627;&#x639;&#x629; &#x648; &#x62A;&#x62C;&#x627;&#x631;&#x629;</subfield>
    <subfield code="z">&#x645;&#x635;&#x631;</subfield>
    <subfield code="x">&#x62A;&#x627;&#x631;&#x64A;&#x62E;</subfield>
  </datafield>
  <datafield tag="650" ind1=" " ind2="4">
    <subfield code="a">&#x627;&#x644;&#x646;&#x633;&#x627;&#x62C;&#x648;&#x646; &#x627;&#x644;&#x645;&#x635;&#x631;&#x64A;&#x648;&#x646;</subfield>
  </datafield>
  <datafield tag="902" ind1=" " ind2=" ">
    <subfield code="a">1</subfield>
  </datafield>
  <datafield tag="905" ind1=" " ind2=" ">
    <subfield code="a">&#x62C;&#x64A;&#x647;&#x627;&#x646;</subfield>
    <subfield code="e">&#x645;&#x631;&#x627;&#x62C;&#x639;</subfield>
  </datafield>
  <datafield tag="905" ind1=" " ind2=" ">
    <subfield code="a">&#x634;&#x643;&#x631;&#x64A;&#x629;</subfield>
    <subfield code="e">&#x645;&#x62F;&#x62E;&#x644;</subfield>
  </datafield>
  <datafield tag="942" ind1=" " ind2=" ">
    <subfield code="2">ddc</subfield>
    <subfield code="c">REF</subfield>
  </datafield>
  <datafield tag="999" ind1=" " ind2=" ">
    <subfield code="c">93456</subfield>
    <subfield code="d">93456</subfield>
  </datafield>
  <datafield tag="952" ind1=" " ind2=" ">
    <subfield code="2">ddc</subfield>
    <subfield code="7">0</subfield>
    <subfield code="a">CUCL</subfield>
    <subfield code="b">cl228</subfield>
    <subfield code="d">2024-02-11</subfield>
    <subfield code="o">338.476770962 A3135 1994</subfield>
    <subfield code="p">01000100100951001</subfield>
    <subfield code="r">2023-09-22 00:00:00</subfield>
    <subfield code="t">v.1 Ref. C.1</subfield>
    <subfield code="y">REF</subfield>
  </datafield>
  <datafield tag="952" ind1=" " ind2=" ">
    <subfield code="2">ddc</subfield>
    <subfield code="7">0</subfield>
    <subfield code="a">CUCL</subfield>
    <subfield code="b">cl228</subfield>
    <subfield code="d">2024-02-11</subfield>
    <subfield code="o">338.476770962 A3135 1994</subfield>
    <subfield code="p">01000100100951002</subfield>
    <subfield code="r">2023-09-22 00:00:00</subfield>
    <subfield code="t">v.2 Ref. C.1</subfield>
    <subfield code="y">REF</subfield>
  </datafield>
  <datafield tag="952" ind1=" " ind2=" ">
    <subfield code="2">ddc</subfield>
    <subfield code="7">0</subfield>
    <subfield code="a">CUCL</subfield>
    <subfield code="b">cl228</subfield>
    <subfield code="d">2024-02-11</subfield>
    <subfield code="o">338.476770962 A3135 1994</subfield>
    <subfield code="p">01000100100951003</subfield>
    <subfield code="r">2023-09-22 00:00:00</subfield>
    <subfield code="t">v.3 Ref. C.1</subfield>
    <subfield code="y">REF</subfield>
  </datafield>
</record>
